| 000 | 00411nam a22001457a 4500 | ||
|---|---|---|---|
| 082 |
_a666.893 _bQUA _cL-19, P-21 |
||
| 100 |
_aTHE CONCRETE ASSOCIATION OF INDIA _943859 |
||
| 245 | _aQuality Concrete | ||
| 250 | _a1951 | ||
| 260 |
_aBombay, India _bShyam Sunder Lal at the Times India Press _c1951 |
||
| 300 | _a218 P, : | ||
| 526 |
_a0 _b0 _c0 _d666_893000000000000_QUA |
||
| 650 |
_aMCE _9379 |
||
| 942 |
_2ddc _cBK |
||
| 999 |
_c548574 _d548574 |
||